|
|
|
|
| LEADER |
00000nab a2200000 a 4500 |
| 001 |
vtls008944145 |
| 003 |
SK-MaSNL |
| 005 |
20260303070931.0 |
| 008 |
070208 2007 xo r r 000 0 slo |
| 015 |
|
|
|a SNBRB2007/02
|2 kevkjb
|
| 038 |
|
|
|a KEVKJB
|
| 040 |
|
|
|a KEVKJB
|b slo
|c KEVKJB
|e AACR2
|
| 041 |
0 |
|
|a slo
|
| 044 |
|
|
|a xo
|c SK
|
| 080 |
|
|
|a 614.61/.62:636.045
|2 2001
|
| 080 |
|
|
|a 636.045
|2 2001
|
| 100 |
1 |
|
|a Wirghová, Ivica
|4 aut
|9 1031982
|
| 245 |
1 |
0 |
|a Milovaný "odpad"
|c Ivica Wirghová
|
| 300 |
|
|
|b Obr.
|
| 650 |
0 |
7 |
|a cintoríny
|2 kevkjb
|9 2946
|
| 650 |
0 |
7 |
|a zvieratá
|x pochovávanie
|x kremácia
|x cintoríny
|2 kevkjb
|9 1068996
|
| 773 |
0 |
|
|t Plus 7 dní
|g Roč. XVII, č. 6 (2007), s. 88-90
|x 1210-2040
|
| 852 |
|
|
|a KEVKJB
|b KIS3GCP
|
| 856 |
4 |
1 |
|u www.plus7dni.sk
|
| 999 |
|
|
|c 1757592
|d 1759522
|